Comptabilité nationale (Record no. 42094)

MARC details
000 -LEADER
fixed length control field 00651 a2200289 4500
037 ## - SOURCE OF ACQUISITION
Source of stock number/acquisition 4, Achat
037 ## - SOURCE OF ACQUISITION
Stock number De 7633
037 ## - SOURCE OF ACQUISITION
Stock number De 7634
037 ## - SOURCE OF ACQUISITION
Stock number De 8538
037 ## - SOURCE OF ACQUISITION
Stock number De 8539
020 ## - NUMERO INTERNATIONAL NORMALISE DES LIVRES
International Standard Book Number 2-254-92720-5
100 ## - VEDETTE PRINCIPALE - NOM DE PERSONNE
Personal name Grangeas, Geneviève
100 ## - VEDETTE PRINCIPALE - NOM DE PERSONNE
Language of a work Fr
260 ## - PUBLICATION, DISTRIBUTION, ETC. (IMPRINT)
Place of publication, distribution, etc Paris
260 ## - PUBLICATION, DISTRIBUTION, ETC. (IMPRINT)
Name of publisher, distributor, etc Ed. Cujas
245 ## - TITLE STATEMENT
Title Comptabilité nationale
260 ## - PUBLICATION, DISTRIBUTION, ETC. (IMPRINT)
Date of publication, distribution, etc 1992
300 ## - PHYSICAL DESCRIPTION
Extent 192 p.
300 ## - PHYSICAL DESCRIPTION
Other physical details 18cm
440 ## - SERIES STATEMENT/ADDED ENTRY--TITLE
Title Nouvelles Collections Economiques
630 ## - SUBJECT ADDED ENTRY--UNIFORM TITLE
Uniform title 657 - Comptabilité
650 ## - SUBJECT ADDED ENTRY--TOPICAL TERM
Topical term or geographic name as entry element 6 - SCIENCES APPLIQUEES
650 ## - SUBJECT ADDED ENTRY--TOPICAL TERM
Topical term or geographic name as entry element Comptabilité nationale
700 ## - ADDED ENTRY--PERSONAL NAME
Personal name Saucier, Philippe
Holdings
Withdrawn status Lost status Damaged status Not for loan Location (home branch) Sublocation or collection (holding branch) Date acquired Koha issues (times borrowed) Koha full call number Koha date last seen Price effective from Koha item type
        Bibliothèque Universitaire Centrale Bibliothèque Universitaire Centrale 28/02/2009   657 GRA 28/02/2009 28/02/2009 Livre


© 2008, Bibliothèques de l'Université d'Abomey-Calavi

04 BP 789 Cotonou, Tél. : +229 21 36 01 01, Fax : +229 21 35 06 32

Courriel : bu@bu.uac.bj